000 00724nam a22002057a 4500
003 DO-SdBNP
005 20171129093109.0
008 171116b 1986 xx ||||| |||| 00| 0 spa d
020 _a1850701725
040 _aBPMSU
_bspa
_cBPMSU
092 _axxxx
_bxxxx
100 1 _aSelby, Philip
245 1 0 _aGuía para un envejecimiento satisfactorio :
_bcómo prepararse, cómo afrontarlo, qué cuidados requiere /
_cPhilip Selby, Adrian Griffiths.
260 _aLancashire :
_bParthenon Publishing,
_bInternational Health Foundation,
_c1986.
300 _a208 p.;
_c24 cm.
700 1 _aGriffiths, Adrian
942 _2ddc
_cBK
945 _aInventariado extranjero / 2017 BT
956 _aLOPEREZ
_b10
_c20171116
_h0041
_iBPMSU
999 _c12910
_d12910